Política internacional de Colombia
Spremljeno u:
| Glavni autor: | |
|---|---|
| Format: | Knjiga |
| Jezik: | španjolski |
| Izdano: |
Bogotá
Nacional
1961
|
| Teme: | |
| Oznake: |
Dodaj oznaku
Bez oznaka, Budi prvi tko označuje ovaj zapis!
|
MARC
| LEADER | 00000nam a2200000 a 4500 | ||
|---|---|---|---|
| 001 | UCT9247 | ||
| 003 | CL-VaPUC | ||
| 008 | 970404e19610000CK |||||||||||||||||spa|d | ||
| 082 | 0 | 4 | |a 327.861 |b TUR |2 21 |
| 100 | 0 | |a Turbay Ayala, Julio César |e author |9 381795 | |
| 245 | 1 | 0 | |a Política internacional de Colombia |
| 300 | |a 346 p | ||
| 942 | |c BK | ||
| 945 | |d 19970404 00:00:00 |a paguirre | ||
| 260 | |a Bogotá |b Nacional |c 1961 | ||
| 650 | 0 | |a Política internacional |9 255813 | |
| 650 | 0 | |a Diplomacia |9 256483 | |
| 650 | 0 | |a Relaciones Internacionales |9 255740 | |
| 650 | 0 | |a Cooperación internacional |9 255447 | |
| 650 | 7 | |a RELACIONES ECONOMICAS INTERNACIONALES |2 CL-VaPUC |9 315315 | |
| 651 | 0 | |a Colombia |9 256424 | |
| 583 | |a last modification |c 19970404 00:00:00 |k Rodrigo Vera | ||
| 999 | |c 257664 |d 257662 | ||
| 952 | |0 0 |1 0 |4 0 |6 327_861000000000000_TUR_1961 |7 0 |8 A |9 281250 |a BIBDER |b BIBDER |d 2019-11-19 |i 1819380 |o 327.861 TUR 1961 |p 1819380 |r 2023-01-25 |w 2019-11-19 |y BK |k DER | ||